00342nam a22001217a 4500020001500000082002000015100002100035245005400056260003800110300000700148490001200155650005300167 a9552305705 a576 OPEb007534 aCoomaraswamy,Uma aIdentification and Enumeration of Microorganisms  bOpen University of Srilankac1989 a95 aUnit IV aIdentification and Enumeration aMicroorganisms